Responses for Show #2197 - Tuesday, March 8, 1994

Fred Frank game 4.

Contestants

[<< previous game]

Dave Goldfeder, an engineer from Montvale, New Jersey

Sara McHugh, a political science student from Closter, New Jersey

Fred Frank, a painter from San Francisco, California (whose 3-day cash winnings total $38,499)

[next game >>]

Jeopardy! Round responses

BODIES OF WATER
SPORTS
HOME FURNISHINGS
"HORSE"s
ANATOMY
RELATIVES
    $100 6
the Ganges

Sara
    $100 5
a football

Dave
    $100 30
a stool

Sara
    $100 24
the Headless Horseman

Dave
    $100 16
brown

Fred
    $100 20
mummy

Sara
    $200 11
New Zealand

Sara
    $200 4
Carl Lewis

Sara
    $200 7
carpets (rugs)

Fred
    $200 26
one horsepower

Fred
    $200 17
(Fred: What is your ear?)
(Dave: What is your neck?)
(Sara: What is your forehead?)

the temple

FredSaraDave
Triple Stumper
    $200 21
Uncle

Dave
    $300 8
(Dave: What is Subic Bay?)

Manila Bay

FredDave
    $300 1
(Tommy) Lasorda

Fred
    $300 12
a director

Dave
    $300 27
a horseless carriage

Dave
    $300 18
the esophagus

Fred
    $300 22
(Dave: What is father?)

brother

SaraDave
    $400 9
the Arctic

Fred
    $400 2
Marciano

Fred
    $400 13
(Sara: What are screens?)

wood (in the fireplace)

Sara
Triple Stumper
    $400 28
A horse! A horse! My kingdom for a horse

Fred
    $3,000 15
the platelet cells

Fred
    $400 23
your grandson

Fred
    $500 10
the Black Sea

Fred
    $500 3
professional bowling

Fred
    $500 14
a vanity

Fred
    $500 29
They Shoot Horses, Don't They?

Fred
    $500 19
(Fred: What is the epiglottis?)

the uvula

Fred
Triple Stumper
    $500 25
step

Triple Stumper

Scores at the first commercial break (after clue 15):

Fred Sara Dave
$6,100 $100 $100

Scores at the end of the Jeopardy! Round:

Fred Sara Dave
$7,300 $400 $200

Double Jeopardy! Round responses

20th CENTURY AMERICA
THE PLANETS
PLAYS
RHODE ISLAND
MYTHOLOGY
KEN-FOLK
(Alex: We had RELATIVES in round one. We have [*] in this one, a fun category.)
    $200 14
(Fred: What are [*]? Watergate tapes, Pentagon tapes?)

the Nixon tapes

Fred
    $200 1
Mars

Fred
    $200 20
O'Neill

Fred
    $200 18
counties

Fred
    $200 11
Romulus

Fred
    $400 13
Hull House

Fred
    $400 15
(Sara: What is the Earth?)

Venus

SaraDave
    $400 21
The Front Page

Dave
    $400 19
the Rhode Island Red

Fred
    $400 10
Zeus

Dave
    $400 26
(Fred: Who is Kenny Loggins?)

Kenny Rogers

FredDave
    $600 2
(Sinclair) Lewis

Fred
    $600 16
Saturn

Dave
    $600 22
(Alex: And we've got about a minute to go.)

Inherit the Wind

Sara
    $600 4
Brown

Sara
    $600 7
Oedipus

Fred
    $2,000 3
Cyrus Vance

Fred
    $800 17
Triton

Fred
    $800 23
(Harold) Pinter

Fred
    $800 5
Newport

Fred
    $2,500 8
(Fred: $2,000.)
(Alex: Another two...)
(Fred: $2,500.)
(Alex: $2,500 it is.)
...
(Fred: What is wisdom?)

death

Fred
    $800 28
[The end-of-round signal sounds.]

Ken Russell

Sara
    $1000 12
(Fred: Who is Kirkland?)

Walter Reuther

Fred
Triple Stumper
    $1000 25
(Dave: What is Saturn?)

Uranus

Dave
Triple Stumper
    $1000 24
Kansas

Dave
    $1000 6
Narragansett

Fred
    $1000 9
snakes (sea serpents)

Fred
    $1000 27
Ken Maynard

Triple Stumper

Scores at the end of the Double Jeopardy! Round:

Fred Sara Dave
$12,800 $2,000 $2,400
(lock game)

[wagering suggestions for these scores]

Final Jeopardy! Round responses

THE NOBEL PRIZE
SaraWho is Alice Walker Morrison?
$1,999
DaveWho is Toni Morrison
$1,601
FredWho is Toni Morrison? ☺
$1,400
Toni Morrison

Final scores:

Fred Sara Dave
$14,200 $3,999 $4,001
4-day champion: $52,699 3rd place: Benrus watch 2nd place: trip to Honolulu, Hawaii

Game dynamics:

Coryat scores:

Fred Sara Dave
$11,500 $2,000 $2,400
30 R
(including 2 DDs),
5 W
(including 1 DD)
9 R,
3 W
11 R,
4 W

Combined Coryat: $15,900

[game clues] [game scores] [suggest correction]

Game tape date: 1993-12-06
The J! Archive is created by fans, for fans. Scraping, republication, monetization, and malicious use prohibited; this site may use cookies and collect identifying information. See terms. The Jeopardy! game show and all elements thereof, including but not limited to copyright and trademark thereto, are the property of Jeopardy Productions, Inc. and are protected under law. This website is not affiliated with, sponsored by, or operated by Jeopardy Productions, Inc. Join the discussion at JBoard.tv.